000 00831cad a22002655a 4500
001 L153255
008 110630s2011 xxk f 000 0 eng d
035 _a(Sirsi) u153255
041 0 _aeng
050 0 4 _a306.1 $2 18
100 1 _aWong, Cecilia
245 0 0 _aHousing and neighbourhoods monitor 2011
_bFragility and recovery[electronic resource]
260 _aYork
_bJoseph Rowntree Foundation
_c2011
590 _aKA
651 4 _aENGLAND AND WALES
700 1 _aGibb, Kenneth
700 1 _aMcGreal, Stanley
700 1 _aWebb, C.
700 1 _aLeishman, Chris
700 1 _aBlair, Neale
700 1 _aHincks, Stephen
700 1 _aMacIntyre, Sean
856 4 0 _uhttps://www.jrf.org.uk/sites/files/jrf/housing-neighbourhoods-economic-trends-full.pdf
_zView the item free of charge at www.jrf.org.uk
942 _n0
999 _c112435
_d112435